Discovering statistics using IBM SPSS statistics (Record no. 1400065)

MARC details
000 -LEADER
fixed length control field 00633nam a2200229Ia 4500
005 - DATE AND TIME OF LATEST TRANSACTION
control field 20250508170246.0
008 - FIXED-LENGTH DATA ELEMENTS--GENERAL INFORMATION
fixed length control field 008 250505s9999 xx 000 0 eng d
020 ## - INTERNATIONAL STANDARD BOOK NUMBER
International Standard Book Number 978-93-5150-082-7
037 ## - SOURCE OF ACQUISITION
Stock number Periodicals
040 ## - CATALOGING SOURCE
Original cataloging agency FEDL
Language of cataloging eng
Transcribing agency FEDL
041 ## - LANGUAGE CODE
Language code of text/sound track or separate title eng
Source of code eng
084 ## - COLON CLASSIFICATION NUMBER
Classification number 001.422, FIE/R
Assigning agency FEDL
100 ## - MAIN ENTRY--PERSONAL NAME
Personal name Field Andy
245 #0 - TITLE STATEMENT
Title Discovering statistics using IBM SPSS statistics
250 ## - EDITION STATEMENT
Edition statement 4
260 ## - PUBLICATION, DISTRIBUTION, ETC.
Place of publication, distribution, etc. New Delhi, India
Name of publisher, distributor, etc. Sage Publications
Date of publication, distribution, etc. 2013
300 ## - PHYSICAL DESCRIPTION
Extent xxxvi, 915p.
365 ## - TRADE PRICE
Price type code INR
Price amount 12
546 ## - LANGUAGE NOTE
Language note Reprint, 2023
942 ## - ADDED ENTRY ELEMENTS (KOHA)
Koha item type Periodicals
Classification part 001.422, FIE/R
Holdings
Withdrawn status Lost status Damaged status Not for loan Home library Current library Date acquired Cost, normal purchase price Total Checkouts Full call number Barcode Date due Date last seen Date last checked out Price effective from Koha item type
        Department of Education Library Department of Education Library 2025-05-08 12.00 1 001.422, FIE/R EL0094066 2026-04-01 2026-04-01 2026-04-01 2025-05-08 Periodicals
Copyright @ Delhi University Library System